[Event "WALTON BAN-chT 2019"]
[Site "Bangladesh"]
[Date "2019.12.15"]
[Round "5.1"]
[White "Kulkarni, Rakesh"]
[Black "Jobava, Baadur"]
[Result "0-1"]
[WhiteElo "2334"]
[BlackElo "2604"]
[Annotator "TA"]
[PlyCount "102"]
[EventDate "2019.12.07"]
[EventType "team-tourn"]
[EventCountry "BAN"]
[SourceTitle "playchess.com"]
[Source "ChessBase"]
[SourceQuality "1"]

{[%evp 11,102,41,43,25,14,20,37,0,49,47,41,41,70,73,85,80,83,79,81,80,93,99,113,103,121,109,88,68,129,116,122,37,65,37,57,2,228,230,211,135,130,156,131,135,160,0,62,0,4,0,55,0,27,11,14,0,0,0,0,0,477,0,477,450,157,0,-20,-474,-471,-455,-461,-460,-441,-458,-426,-691,-695,-716,-706,-700,-692,-628,-581,-599,-584,-557,-545,-1034,-1034,-29972,-29975,-29998,-29999]} 1. e4 c6 2. c4 g6 3. d4 Bg7 4. Nc3 d6 5. Be3 Nf6 6. f3 a6 7. g4 {E80: King's Indian: Sämisch: Lines without early ...0-0} (7. a4 a5 8. Bd3 Na6 9. Nge2 O-O 10. O-O e5 11. Qd2 exd4 12. Nxd4 Nd7 13. Rad1 Ndc5 14. Bb1 Qb6 15. f4 Nb3 16. Nxb3 Qxb3 17. f5 Be5 18. Kh1 Nc5 19. Bf4 b6 20. Bxe5 dxe5 21. Qh6 Ba6 22. f6 Ne6 23. Rf3 Rfd8 24. Rg1 {1-0 (24) Salem,A (2672)-Popovic,D (2487) Warsaw 2019}) 7... b5 8. Qd2 Nfd7 $146 ({Predecessor:} 8... Nbd7 9. h4 h5 10. g5 Nh7 11. f4 Nb6 12. Bd3 Nxc4 13. Bxc4 bxc4 14. Nge2 Bg4 15. Ng3 Nf8 {½-½ (62) Aga,R (1938)-Seeman,T (2377) Viljandi 2019}) 9. Rd1 {White is slightly better.} bxc4 10. Bxc4 Nb6 11. Bd3 a5 12. Nge2 Ba6 13. h4 Bxd3 14. Qxd3 Na6 15. h5 Nb4 16. Qb1 $1 Rb8 17. h6 Bf8 18. O-O d5 19. Bf4 Rb7 (19... Rc8 $14) 20. a3 $16 Na6 21. exd5 (21. Qc2 $1 $16) 21... cxd5 $14 22. Qd3 Nc7 $1 23. Rc1 (23. b3 $14) 23... Nba8 $2 (23... Ne6 $11 24. Qa6 Qd7) 24. Na4 $1 $18 e6 25. Rc6 {Rfc1 is the strong threat.} Be7 26. Rfc1 {aiming for Qc2.} O-O 27. Qe3 Ne8 28. g5 $2 (28. R1c2 $1 $16) 28... Qd7 (28... Nb6 $1 $11 29. Nxb6 Rxb6) 29. b3 (29. Kg2 $14) 29... Bxa3 $11 30. R1c2 $36 {[%mdl 2048] Black is under pressure.} Nd6 (30... Nac7 $11) 31. Ng3 ({Better is} 31. Rxd6 $1 $14 Bxd6 32. Nc5 Bxc5 33. dxc5) 31... Rd8 32. Ra6 {Hoping for Nc5.} Ra7 33. Nc5 Bxc5 $1 34. dxc5 Rxa6 35. cxd6 {[#] And now Qe5 would win.} a4 $2 {[%mdl 8192]} (35... f6 $1 $11) 36. Qd4 $2 ({White should try} 36. Qe5 $18 {[%csl Gh6][%cal Re5g7]} f6 37. Qxf6) 36... f6 $2 {[%mdl 8192]} (36... f5 $11 {and Black is okay.} 37. bxa4 Rxa4) 37. Qxf6 $18 {Intending Be5 and mate.} Rf8 {[#]} 38. Qe5 $2 ({White has to play} 38. Rc8 $1 $16 {[%cal Rc8f8]} Rxc8 39. Be5) 38... axb3 $11 39. Rb2 $2 {[%mdl 8192]} (39. Rc1 $1 $11) 39... Nb6 $19 40. Rxb3 Nc4 41. Qd4 Qa7 42. Qxa7 Rxa7 43. Ne2 (43. Be3 $142 Ra1+ 44. Kg2) 43... e5 44. Bg3 Nd2 45. Rb2 Nxf3+ {[%mdl 64] Double Attack} 46. Kg2 Rd7 47. Nc3 Rxd6 48. Rb7 Rc6 49. Rg7+ Kh8 50. Nxd5 Rc2+ 51. Kf1 {[#]} Nh2+ $1 {[%mdl 64] Discovered Attack (Double check). Accuracy: White = 30%, Black = 53%.} 0-1

[Event "WALTON BAN-chT 2019"]
[Site "Bangladesh"]
[Date "2019.12.15"]
[Round "5.2"]
[White "Mchedlishvili, Mikheil"]
[Black "Pranav, Shetty"]
[Result "1-0"]
[WhiteElo "2567"]
[BlackElo "2162"]
[Annotator "RC"]
[PlyCount "71"]
[EventDate "2019.12.07"]
[EventType "team-tourn"]
[EventCountry "BAN"]
[SourceTitle "playchess.com"]
[Source "ChessBase"]
[SourceQuality "1"]
[TimeControl "5400+30"]

1. d4 {[%emt 0:00:00]} Nf6 {[%emt 0:02:39]} 2. c4 {[%emt 0:00:00]} g6 {[%emt 0:00:11]} 3. Nc3 {[%emt 0:00:30]} Bg7 {[%emt 0:00:11]} 4. e4 {[%emt 0:00:29]} d6 {[%emt 0:00:06]} 5. h3 {[%emt 0:00:39]} O-O {[%emt 0:00:18]} 6. Be3 {[%emt 0:00:34]} e5 {[%emt 0:00:33]} 7. d5 {[%emt 0:00:40]} Na6 {[%emt 0:00:20]} 8. g4 {[%emt 0:03:31]} Nc5 {[%emt 0:00:23]} 9. f3 {[%emt 0:03:28]} a5 {[%emt 0:00:46]} 10. Qd2 {[%emt 0:00:56]} c6 {[%emt 0:05:45]} 11. dxc6 {[%emt 0:10:53]} bxc6 {[%emt 0:01:44]} 12. O-O-O {[%emt 0:00:38]} Ne6 {[%emt 0:42:57]} 13. Qxd6 {[%emt 0:01:12]} Qe8 {[%emt 0:06:07]} 14. c5 {[%emt 0:03:46]} Bb7 {[%emt 0:01:41]} 15. Qd2 {[%emt 0:09:38]} Qe7 {[%emt 0:03:21]} 16. Na4 {[%emt 0:04:29]} Rfd8 {[%emt 0:00:29]} 17. Qc3 {[%emt 0:02:46]} Rd4 {[%emt 0:16:10]} 18. Bxd4 {[%emt 0:08:54]} exd4 {[%emt 0:00:34]} 19. Qa3 {[%emt 0:10:01]} Nd7 {[%emt 0:04:03]} 20. Kb1 {[%emt 0:01:05]} Nexc5 {[%emt 0:03:02]} 21. Ne2 {[%emt 0:07:52]} d3 {[%emt 0:02:20]} 22. Rxd3 {[%emt 0:05:32]} Qe5 {[%emt 0:00:29]} 23. Rd2 {[%emt 0:07:27]} Rb8 {[%emt 0:05:09]} 24. Nxc5 {[%emt 0:08:19]} Nxc5 {[%emt 0:00:10]} 25. Qe3 {[%emt 0:00:45]} Ba6 {[%emt 0:01:42]} 26. Nd4 {[%emt 0:00:33]} Bxf1 {[%emt 0:01:10]} 27. Rxf1 {[%emt 0:00:08]} Rb4 {[%emt 0:00:09]} 28. Nb3 {[%emt 0:01:06]} Ne6 {[%emt 0:00:29]} 29. f4 {[%emt 0:01:40]} Qb5 {[%emt 0:00:59]} 30. Qe2 {[%emt 0:00:58]} Rxe4 {[%emt 0:00:31]} 31. Qxb5 {[%emt 0:00:05]} cxb5 {[%emt 0:00:02]} 32. f5 {[%emt 0:01:00]} Nd4 {[%emt 0:00:55]} 33. f6 {[%emt 0:01:24]} Bxf6 {[%emt 0:00:33]} 34. Rxf6 {[%emt 0:00:35]} Re1+ {[%emt 0:00:14]} 35. Nc1 {[%emt 0:00:07]} Kg7 {[%emt 0:00:15]} 36. Rff2 {[%emt 0:00:26]} 1-0

[Event "WALTON BAN-chT 2019"]
[Site "Bangladesh"]
[Date "2019.12.15"]
[Round "5.3"]
[White "Shawket Bin, Osman Shaon"]
[Black "Mohammad Fahad, Rahman"]
[Result "0-1"]
[WhiteElo "2006"]
[BlackElo "2294"]
[Annotator "TA"]
[PlyCount "82"]
[EventDate "2019.12.07"]
[EventType "team-tourn"]
[EventCountry "BAN"]
[SourceTitle "playchess.com"]
[Source "ChessBase"]
[SourceQuality "1"]

{[%evp 19,82,9,17,16,18,13,27,4,16,16,18,0,11,0,0,0,0,0,18,13,23,23,34,27,48,32,30,8,53,15,52,4,43,0,27,27,26,25,41,36,40,41,40,18,18,17,20,-26,-27,-120,-126,-122,-116,-125,-125,-127,-124,-151,-149,-164,-143,-1364,-858,-753,-750]} 1. d4 Nf6 2. Nf3 e6 3. e3 b6 4. Bd3 Bb7 5. Nbd2 c5 6. O-O Be7 7. b3 O-O 8. Bb2 d6 9. Qe2 Nbd7 10. c4 Qc7 11. Rfd1 {E14: Queen's Indian: Classical Variation (4 e3)} (11. Rac1 Rfe8 12. a3 Bf8 13. Bb1 g6 14. Rfd1 Bg7 15. b4 Rad8 16. Nb3 cxd4 17. Nfxd4 a6 18. a4 e5 19. Nf3 {0-1 (45) Cori Tello,J (2496)-Vazquez Igarza,R (2554) Benasque 2012}) 11... Rac8 12. Rac1 Rfd8 13. Ng5 $146 {White has an edge.} ({Predecessor:} 13. a3 Qb8 14. b4 Nf8 15. Nb3 Ng6 16. Nfd2 cxd4 17. Nxd4 d5 18. cxd5 Nxd5 {0-1 (31) Barbot,P (2350)-Giroyan,G (2402) Saint Paul Trois Chateaux 2013}) 13... h6 14. Nge4 Qb8 15. Nxf6+ Nxf6 16. e4 cxd4 17. Bxd4 Qa8 18. f3 Nd7 19. Nb1 Ne5 20. Nc3 Ng6 21. g3 Bc6 22. Qf2 Qb7 23. Bf1 Bf8 24. Bg2 Re8 25. Re1 Rcd8 26. Rc2 Ne5 {[#] Threatens to win with ...Nd3.} 27. Rd2 Nd7 28. Red1 Qa6 29. Bf1 Qb7 30. Be3 Nf6 31. Bg2 d5 32. e5 Bb4 33. exf6 {[#] Strongly threatening cxd5.} (33. Rc2 {with more complications.} Bxc3 34. Rxc3 Nd7 35. f4 dxc4 36. Bxc6 Qxc6 37. Rxc4 Qa8 38. Qg2) 33... Bxc3 34. Rd3 (34. Bxh6 $1 $11 {keeps the balance.} Bxf6 35. cxd5 Rxd5 36. Be3) 34... Bxf6 $17 35. cxd5 Rxd5 36. f4 Rxd3 37. Rxd3 Rc8 38. Bxc6 Qxc6 39. Qd2 Qe4 40. Bd4 $2 {[%mdl 8192]} (40. Bf2 $17) 40... Bxd4+ 41. Rxd4 Qb1+ {Accuracy: White = 32%, Black = 58%.} 0-1

[Event "WALTON BAN-chT 2019"]
[Site "Bangladesh"]
[Date "2019.12.15"]
[Round "5.4"]
[White "Mohammed Abdul, Malek"]
[Black "Hossain, Showkat Pollab"]
[Result "1-0"]
[WhiteElo "2162"]
[BlackElo "2088"]
[Annotator "RC"]
[PlyCount "113"]
[EventDate "2019.12.07"]
[EventType "team-tourn"]
[EventCountry "BAN"]
[SourceTitle "playchess.com"]
[Source "ChessBase"]
[SourceQuality "1"]
[TimeControl "5400+30"]

1. d4 {[%emt 0:00:00]} Nf6 {[%emt 0:04:25]} 2. Bf4 {[%emt 0:00:00]} e6 {[%emt 0:00:44]} 3. e3 {[%emt 0:00:08]} Be7 {[%emt 0:03:08]} 4. Nd2 {[%emt 0:00:23]} d5 {[%emt 0:00:34]} 5. Bd3 {[%emt 0:00:14]} Nbd7 {[%emt 0:00:36]} 6. h3 {[%emt 0:00:17]} c5 {[%emt 0:00:32]} 7. c3 {[%emt 0:00:10]} Qb6 {[%emt 0:01:25]} 8. Rb1 {[%emt 0:00:24]} Bd6 {[%emt 0:01:18]} 9. Bxd6 {[%emt 0:14:32]} Qxd6 {[%emt 0:00:23]} 10. f4 {[%emt 0:03:45]} b6 {[%emt 0:07:58]} 11. Ngf3 {[%emt 0:00:41]} Bb7 {[%emt 0:01:26]} 12. O-O {[%emt 0:00:36]} Ng8 {[%emt 0:10:53]} 13. Ne5 {[%emt 0:01:08]} Ne7 {[%emt 0:08:20]} 14. Qg4 {[%emt 0:03:19]} O-O {[%emt 0:02:15]} 15. Rbd1 {[%emt 0:04:10]} f6 {[%emt 0:03:28]} 16. Ndf3 {[%emt 0:12:36]} Nf5 {[%emt 0:05:20]} 17. Nxd7 {[%emt 0:03:40]} Qxd7 {[%emt 0:00:06]} 18. Rde1 {[%emt 0:01:54]} Rae8 {[%emt 0:05:03]} 19. Nh4 {[%emt 0:12:12]} Nxh4 {[%emt 0:05:02]} 20. Qxh4 {[%emt 0:00:02]} g6 {[%emt 0:01:39]} 21. Qg3 {[%emt 0:04:20]} Kh8 {[%emt 0:03:31]} 22. Rf3 {[%emt 0:01:22]} Re7 {[%emt 0:01:50]} 23. h4 {[%emt 0:00:42]} Rg7 {[%emt 0:02:50]} 24. Qh2 {[%emt 0:02:02]} f5 {[%emt 0:01:26]} 25. Qg3 {[%emt 0:05:04]} Qe7 {[%emt 0:00:38]} 26. Qf2 {[%emt 0:00:35]} Rc8 {[%emt 0:02:18]} 27. Rh3 {[%emt 0:00:18]} Qf6 {[%emt 0:00:59]} 28. Kh2 {[%emt 0:00:44]} Bc6 {[%emt 0:00:53]} 29. Rg1 {[%emt 0:01:13]} h5 {[%emt 0:00:11]} 30. Rf3 {[%emt 0:01:36]} Rcc7 {[%emt 0:00:32]} 31. Kh3 {[%emt 0:02:18]} Rg8 {[%emt 0:00:33]} 32. Rg3 {[%emt 0:01:33]} Rh7 {[%emt 0:00:16]} 33. Rg5 {[%emt 0:00:08]} Kg7 {[%emt 0:00:21]} 34. Qe2 {[%emt 0:00:24]} Kf7 {[%emt 0:01:36]} 35. Bb5 {[%emt 0:00:36]} Ba8 {[%emt 0:01:14]} 36. Rf1 {[%emt 0:00:32]} Qe7 {[%emt 0:01:01]} 37. Rf3 {[%emt 0:00:31]} Bb7 {[%emt 0:00:39]} 38. Rfg3 {[%emt 0:00:15]} Rhh8 {[%emt 0:00:57]} 39. Qd1 {[%emt 0:00:25]} Qd6 {[%emt 0:00:46]} 40. Be2 {[%emt 0:00:38]} Qf8 {[%emt 0:03:07]} 41. Qa4 {[%emt 0:01:50]} Qd6 {[%emt 0:02:57]} 42. Qxa7 {[%emt 0:01:02]} Qe7 {[%emt 0:02:44]} 43. Qxb6 {[%emt 0:01:08]} cxd4 {[%emt 0:00:30]} 44. Qxd4 {[%emt 0:01:13]} Rh6 {[%emt 0:00:27]} 45. a4 {[%emt 0:01:32]} Qc7 {[%emt 0:00:35]} 46. Kh2 {[%emt 0:04:31]} Bc6 {[%emt 0:01:04]} 47. Qc5 {[%emt 0:00:38]} Qb7 {[%emt 0:00:43]} 48. a5 {[%emt 0:00:54]} Rc8 {[%emt 0:00:42]} 49. Qd6 {[%emt 0:01:54]} Qb8 {[%emt 0:02:56]} 50. Qxb8 {[%emt 0:01:25]} Rxb8 {[%emt 0:00:01]} 51. b4 {[%emt 0:00:02]} Ba8 {[%emt 0:04:18]} 52. b5 {[%emt 0:00:27]} Rc8 {[%emt 0:00:12]} 53. Rxg6 {[%emt 0:02:01]} Rxg6 {[%emt 0:01:03]} 54. Bxh5 {[%emt 0:00:02]} Ke7 {[%emt 0:00:13]} 55. Rxg6 {[%emt 0:00:28]} Rxc3 {[%emt 0:00:26]} 56. Rg8 {[%emt 0:01:00]} Bb7 {[%emt 0:00:51]} 57. Rg7+ {[%emt 0:00:09]} 1-0

[Event "WALTON BAN-chT 2019"]
[Site "Bangladesh"]
[Date "2019.12.15"]
[Round "5.5"]
[White "Reefat, Bin-Sattar"]
[Black "Bhattacharyya Soham"]
[Result "0-1"]
[WhiteElo "2417"]
[BlackElo "1944"]
[Annotator "TA"]
[PlyCount "90"]
[EventDate "2019.12.07"]
[EventType "team-tourn"]
[EventCountry "BAN"]
[SourceTitle "playchess.com"]
[Source "ChessBase"]
[SourceQuality "1"]

{[%evp 15,90,20,25,25,21,20,56,53,65,58,68,55,57,56,67,67,67,67,67,67,67,67,67,67,67,67,67,67,67,67,67,43,49,32,72,58,75,57,83,63,101,54,60,54,52,19,20,10,51,0,31,0,5,0,0,-120,-120,-120,-72,-60,-64,-63,-63,-60,-60,-53,-54,-52,-52,-81,-81,-81,-81,-81,-81,-225,-210]} 1. e4 e5 2. Nf3 Nf6 3. Nxe5 d6 4. Nf3 Nxe4 5. Nc3 Nxc3 6. dxc3 Be7 7. Be3 Nc6 8. Qd2 Be6 9. O-O-O {C42: Petroff Defence: 3 Nxe5 and unusual White 3rd moves} Qd7 ({Not} 9... Bxa2 $2 10. b3 $18) 10. h4 O-O-O (10... Bxa2 $2 11. b3 $18) 11. Ng5 {White is slightly better.} Bxg5 (11... Bxa2 12. b3 $16) 12. hxg5 Kb8 $146 ({Predecessor:} 12... a6 13. b3 Kb8 14. c4 Rdf8 15. Bd3 Bf5 16. Be2 Bg4 {1-0 (57) Leko,P (2747)-Gashimov,V (2703) Elista 2008}) 13. Rh4 Ne7 ({Wrong is} 13... Bxa2 $2 14. b3 $18) 14. Bd3 Nf5 15. Bxf5 Bxf5 {[#]} 16. Qd4 $1 {[%mdl 512]} b6 17. Qxg7 Bg6 18. b3 Qf5 {[%csl Gg6][%cal Rf5c2]} 19. Rd2 Rhe8 20. Kb2 Re4 21. Rxe4 Qxe4 22. g3 Re8 23. a4 {[%cal Ba2a4,Ba4a5][%mdl 32]} Re5 24. c4 Re8 25. Qc3 Qe5 26. Rd4 Qh8 27. a5 Re4 28. b4 Rxd4 29. Bxd4 Qe8 30. g4 Qe2 31. f3 Kb7 32. b5 (32. axb6 $14 axb6 33. c5) 32... d5 33. a6+ Kc8 34. f4 {And now f5 would win.} Be4 35. Qb4 (35. Be5 $11 {remains equal.}) 35... Qxc2+ $17 36. Ka3 {Intending Qf8+ and mate.} Qd3+ 37. Bc3 {Strongly threatening Qf8+.} c5 $1 {[%cal Rc5b4]} 38. bxc6 Qxc4 39. Qf8+ {[#]} Kc7 $1 {[%mdl 512]} 40. Qxf7+ Kxc6 41. Qe8+ {[#]} Kc5 $1 {[%mdl 512]} 42. Qc8+ Kb5 43. Qxc4+ dxc4 44. f5 {[#]} Bf3 $1 45. f6 (45. g6 $17 {was necessary.} hxg6 46. fxg6) 45... Bd5 {Accuracy: White = 44%, Black = 67%.} 0-1

[Event "WALTON BAN-chT 2019"]
[Site "Bangladesh"]
[Date "2019.12.15"]
[Round "5.6"]
[White "Sourath Biswas"]
[Black "Mollah Abdullah, Al Rakib"]
[Result "0-1"]
[WhiteElo "1944"]
[BlackElo "2461"]
[Annotator "TA"]
[PlyCount "46"]
[EventDate "2019.12.07"]
[EventType "team-tourn"]
[EventCountry "BAN"]
[SourceTitle "playchess.com"]
[Source "ChessBase"]
[SourceQuality "1"]

{[%evp 25,46,3,11,0,0,-14,7,14,12,0,0,0,0,-25,-45,-88,-77,-910,-903,-2660,-2727,-29998,-29999]} 1. Nf3 Nf6 2. g3 b6 3. Bg2 Bb7 4. O-O e6 5. c4 c6 6. b3 d5 7. Bb2 Be7 8. d3 O-O 9. Nbd2 c5 10. cxd5 Nxd5 11. d4 Nd7 12. Nc4 Rc8 13. Rc1 N5f6 14. dxc5 {A14: English Opening: 1...e6 with b3 by White} Rxc5 {[#]} 15. Nce5 $146 ({Predecessor:} 15. b4 Rc7 16. Qb3 b5 17. Ne3 Nd5 18. Nd4 Nxe3 19. Qxe3 Bxg2 20. Kxg2 Bg5 21. f4 Bf6 {½-½ (41) Cori Tello,J (2549)-Panelo Munoz,M (2448) Barcelona 2014}) 15... Nxe5 16. Nxe5 {The position is equal.} Bxg2 17. Kxg2 Qa8+ (17... Rd5 $5 18. Nd3 $8 Qa8 $11) 18. Kg1 Rd8 19. Qe1 Ne4 {White must now prevent ...Nd2.} 20. Rxc5 Bxc5 21. Nd3 $2 {[%mdl 8192] [#]} (21. Nf3 $17) 21... Rxd3 $1 $19 {[%mdl 512]} 22. b4 {[#]} (22. exd3 Ng5) 22... Ng5 $1 {[%cal Rg5h3][%mdl 512]} 23. h4 Rxg3+ 0-1

[Event "WALTON BAN-chT 2019"]
[Site "Bangladesh"]
[Date "2019.12.15"]
[Round "5.7"]
[White "Rahman, Ziaur"]
[Black "Ahmed, Feroz"]
[Result "1-0"]
[WhiteElo "2440"]
[BlackElo "1936"]
[Annotator "TA"]
[PlyCount "53"]
[EventDate "2019.12.07"]
[EventType "team-tourn"]
[EventCountry "BAN"]
[SourceTitle "playchess.com"]
[Source "ChessBase"]
[SourceQuality "1"]

{[%evp 14,53,46,45,64,43,62,64,68,52,48,45,44,39,114,111,118,112,130,132,157,114,120,115,118,97,104,79,86,75,135,164,166,148,135,130,522,519,1035,1064,29990,29991]} 1. Nf3 Nf6 2. g3 d6 3. d4 Nbd7 4. Bg2 e5 5. c4 c6 6. Nc3 Be7 7. O-O O-O 8. e4 a5 {A55: Old Indian Defence with Nf3 and e4} (8... a6 9. a4 a5 10. h3 Re8 11. Be3 exd4 12. Nxd4 Nc5 13. Qc2 Bf8 14. Rad1 Qb6 15. g4 g6 16. g5 Nh5 17. f4 Be6 18. Nxe6 Rxe6 19. Qf2 f5 20. gxf6 Rxf6 21. f5 {½-½ (29) Sorokin,A (2522)-Khismatullin,D (2617) St Petersburg 2018}) 9. Re1 Qc7 10. b3 Re8 {White is slightly better.} 11. Bb2 Bf8 12. Rc1 $146 ({Predecessor:} 12. h3 exd4 13. Nxd4 Nc5 14. a3 Qb6 15. Qc2 g6 16. Rad1 {0-1 (37) Vakhania,A (2175)-Khukhashvili,S (2342) Tbilisi 2019}) 12... g6 13. Na4 Bg7 (13... b6 $14) 14. dxe5 dxe5 15. c5 h6 16. Nd2 Bf8 17. Qc2 Nh5 18. Qc3 Ng7 19. Qe3 Ne6 20. Nf3 f6 21. Rc2 Qd8 (21... Rb8 $142) 22. Nh4 $36 {[%mdl 2048] Keeping Black busy.} Kh7 {[#]} 23. f4 $1 exf4 24. gxf4 f5 $2 {[%mdl 8192] [#]} (24... g5 $16 {is more resistant.}) 25. Nxg6 $1 $18 {[%mdl 576] Remove Defender} Kxg6 (25... Ng7 $142 26. Nxf8+ Rxf8) 26. exf5+ {[%mdl 64] Discovered Attack} Kf7 27. fxe6+ {Accuracy: White = 65%, Black = 26%.} 1-0

[Event "WALTON BAN-chT 2019"]
[Site "Bangladesh"]
[Date "2019.12.15"]
[Round "5.8"]
[White "Swarnavo Choudhury"]
[Black "Hossain, Enamul"]
[Result "0-1"]
[WhiteElo "1840"]
[BlackElo "2419"]
[Annotator "TA"]
[PlyCount "54"]
[EventDate "2019.12.07"]
[EventType "team-tourn"]
[EventCountry "BAN"]
[SourceTitle "playchess.com"]
[Source "ChessBase"]
[SourceQuality "1"]

{[%evp 15,54,54,72,35,34,22,26,-10,27,0,0,-7,-16,-24,-3,0,0,-21,-14,-23,-37,-36,-25,-47,-13,-24,0,0,-1,0,-8,-179,-178,-183,-169,-610,-603,-819,-807,-740,-717]} 1. e4 c5 2. Nf3 e6 3. d4 cxd4 4. Nxd4 a6 5. Nc3 Qc7 6. Bd3 Nf6 7. O-O Bc5 8. Nb3 Ba7 9. Qe2 {Strongly threatening e5. B43: Sicilian: Kan Variation: 5 Nc3} Nc6 10. Kh1 d6 11. f4 {White has an edge.} h5 12. Bd2 $146 ({Predecessor:} 12. Be3 Bxe3 13. Qxe3 Bd7 14. Rae1 O-O-O 15. Na4 Kb8 16. Nb6 Be8 {0-1 (34) Kadric,D (2543)-Caruana,F (2827) Batumi 2018}) 12... Bd7 13. Rae1 h4 14. Be3 Bxe3 15. Qxe3 h3 16. g3 O-O-O 17. a3 Kb8 18. Qe2 Ne7 19. a4 d5 20. e5 Ne4 21. Nxe4 dxe4 22. Bxe4 Bxa4 {next ...Bb5 is good for Black.} 23. Rd1 $2 (23. Rf3 $11 {and White is okay.}) 23... Bb5 $36 {[%mdl 2112] [#] Skewer. Black is on the roll.} 24. Bd3 Qc6+ 25. Kg1 $2 (25. Rf3) 25... Bxd3 {Black is clearly winning.} 26. Rxd3 Rxd3 27. cxd3 Qb6+ {[%mdl 64] Double Attack. Accuracy: White = 20%, Black = 72%.} 0-1

[Event "WALTON BAN-chT 2019"]
[Site "Bangladesh"]
[Date "2019.12.15"]
[Round "5.9"]
[White "Mehdi Hasan Parag"]
[Black "Zia, Tahsin Tajwar"]
[Result "1/2-1/2"]
[WhiteElo "2169"]
[BlackElo "2148"]
[Annotator "RC"]
[PlyCount "99"]
[EventDate "2019.12.07"]
[EventType "team-tourn"]
[EventCountry "BAN"]
[SourceTitle "playchess.com"]
[Source "ChessBase"]
[SourceQuality "1"]
[TimeControl "5400+30"]

1. e4 {[%emt 0:02:43]} c6 {[%emt 0:00:00]} 2. Nc3 {[%emt 0:00:11]} d5 {[%emt 0:00:00]} 3. Nf3 {[%emt 0:00:09]} dxe4 {[%emt 0:00:00]} 4. Nxe4 {[%emt 0:00:09]} Nf6 {[%emt 0:00:01]} 5. Qe2 {[%emt 0:00:04]} Bf5 {[%emt 0:00:42]} 6. Nxf6+ {[%emt 0:00:43]} gxf6 {[%emt 0:00:01]} 7. d3 {[%emt 0:02:25]} Nd7 {[%emt 0:00:05]} 8. g3 {[%emt 0:00:32]} Ne5 {[%emt 0:00:23]} 9. Nxe5 {[%emt 0:00:44]} Qa5+ {[%emt 0:00:07]} 10. Bd2 {[%emt 0:00:23]} Qxe5 {[%emt 0:00:06]} 11. Qxe5 {[%emt 0:00:08]} fxe5 {[%emt 0:00:01]} 12. Bg2 {[%emt 0:00:18]} f6 {[%emt 0:00:51]} 13. O-O {[%emt 0:01:37]} h5 {[%emt 0:01:35]} 14. h4 {[%emt 0:00:23]} Kf7 {[%emt 0:01:07]} 15. Rae1 {[%emt 0:00:51]} e6 {[%emt 0:01:27]} 16. f4 {[%emt 0:03:13]} Bd6 {[%emt 0:06:53]} 17. Kh2 {[%emt 0:04:55]} Rag8 {[%emt 0:01:57]} 18. fxe5 {[%emt 0:06:48]} Bxe5 {[%emt 0:00:24]} 19. Bf4 {[%emt 0:00:18]} Bxf4 {[%emt 0:03:16]} 20. Rxf4 {[%emt 0:00:14]} Rg4 {[%emt 0:02:48]} 21. Ref1 {[%emt 0:04:49]} Rhg8 {[%emt 0:13:10]} 22. Rxg4 {[%emt 0:00:37]} Bxg4 {[%emt 0:00:21]} 23. Rf4 {[%emt 0:00:26]} Rd8 {[%emt 0:00:37]} 24. Rb4 {[%emt 0:01:02]} Rd7 {[%emt 0:00:26]} 25. Kg1 {[%emt 0:02:41]} Bd1 {[%emt 0:09:28]} 26. Rc4 {[%emt 0:01:27]} f5 {[%emt 0:04:11]} 27. Kf2 {[%emt 0:03:24]} e5 {[%emt 0:03:05]} 28. a4 {[%emt 0:02:53]} Rd4 {[%emt 0:06:54]} 29. Rc5 {[%emt 0:04:00]} Rxa4 {[%emt 0:01:45]} 30. Rxe5 {[%emt 0:01:00]} Kf6 {[%emt 0:00:07]} 31. Rc5 {[%emt 0:01:06]} Ra2 {[%emt 0:01:10]} 32. Bh3 {[%emt 0:08:59]} Rxb2 {[%emt 0:10:01]} 33. Rxf5+ {[%emt 0:00:08]} Ke7 {[%emt 0:00:49]} 34. Ra5 {[%emt 0:10:29]} Bxc2 {[%emt 0:08:13]} 35. Ke3 {[%emt 0:00:59]} Rb3 {[%emt 0:06:47]} 36. Bf1 {[%emt 0:01:20]} Bd1 {[%emt 0:00:50]} 37. Rxa7 {[%emt 0:00:41]} Bg4 {[%emt 0:00:32]} 38. Be2 {[%emt 0:02:01]} Bxe2 {[%emt 0:03:50]} 39. Kxe2 {[%emt 0:00:04]} Kd6 {[%emt 0:01:13]} 40. Ra8 {[%emt 0:01:39]} Rb5 {[%emt 0:00:51]} 41. Ke3 {[%emt 0:01:01]} Rd5 {[%emt 0:01:30]} 42. d4 {[%emt 0:01:04]} b5 {[%emt 0:01:12]} 43. Rd8+ {[%emt 0:05:24]} Ke6 {[%emt 0:00:33]} 44. Rb8 {[%emt 0:00:54]} Rd7 {[%emt 0:02:30]} 45. Rh8 {[%emt 0:01:51]} Rd5 {[%emt 0:00:55]} 46. Rb8 {[%emt 0:02:33]} Kd6 {[%emt 0:01:10]} 47. Rd8+ {[%emt 0:01:07]} Ke7 {[%emt 0:01:30]} 48. Rb8 {[%emt 0:00:21]} Kd7 {[%emt 0:00:22]} 49. Rb7+ {[%emt 0:03:51]} Kd6 {[%emt 0:01:50]} 50. Ke4 {[%emt 0:20:21] Ke5+} 1/2-1/2